The prince and the pauper
Αποθηκεύτηκε σε:
| Κύριος συγγραφέας: | |
|---|---|
| Άλλοι συγγραφείς: | , |
| Μορφή: | Βιβλίο |
| Γλώσσα: | English |
| Δημοσίευση: |
[London] :
Longmans,
[1960]
|
| Σειρά: | New method supplementary reader ;
; stage 2 |
| Θέματα: | |
| Ετικέτες: |
Προσθήκη ετικέτας
Δεν υπάρχουν, Καταχωρήστε ετικέτα πρώτοι!
|
MARC
| LEADER | 00000cam a2200000 i 4500 | ||
|---|---|---|---|
| 001 | 1/97913 | ||
| 008 | 081121r19571960 eng d | ||
| 035 | |l 10101894 | ||
| 040 | |a GR-MY-UA |b gre |e aacr | ||
| 041 | 0 | |a eng | |
| 082 | 0 | |a 428.6 |2 (22) | |
| 100 | 1 | |a Twain, Mark, |d 1835-1910. | |
| 245 | 1 | 4 | |a The prince and the pauper / |c by Mark Twain ; retold within the vocabulary of New Method Reader 2 by Michael West ; illustrated by J. S. Goodall |
| 260 | |a [London] : |b Longmans, |c [1960] | ||
| 300 | |a 63 σ.; |c 19 εκ. | ||
| 490 | 1 | |a New method supplementary reader |v ; stage 2 | |
| 650 | 0 | 0 | |a Readers |y 1950- |
| 650 | 0 | 0 | |a English language |x Readers. |
| 650 | 0 | 0 | |a English language |v Textbooks for foreign speakers. |
| 700 | 1 | |a Goodall, John S. |4 ill | |
| 700 | 1 | |4 edt |a West, Michael |q (Michael Philip), |d 1888-1973. | |
| 830 | 0 | |a New method supplementary reader ; |v ; stage 2 | |
| 852 | |a INST |b RHODES |c AKA |e 20081121 |h 428.6 TWA |p 005400031322 |q 005400031322 |t BK |y 0 | ||
| 901 | |a BIBL4-2008-3 | ||
| 909 | |a Ρ |b 156367 | ||
| 970 | |a ΚΟΖΑ |b ΜΑΡΙΑ |z 2008/11/21 | ||